000
00314nam a22001337a 4500
008
170502b xxu||||| |||| 00| 0 eng d
020
_a
0135507316
041
_a
eng
080
_2
2ND
_a
343.9
100
_a
13
101
_a
SHJ
245
_a
THE MANAGING OF POLICE ORGANIZATIONS
_c
WHISENAND, P.M
942
_2
udc
_c
BK
999
_c
12330
_d
12330